00692nam a2200241Ia 4500003000900000008004100009040001300050040001300063041000800076100001900084245003200103250001000135260001400145260000900159300001100168300001000179490002300189490000900212710000900221942000700230999001700237952019600254IT-RoPAU120407s9999 xx 000 0 und d aIT-RoPAU cIT-RoPAU aita aViolette Leduc aQuestioni storiche moderne. aParis aGallimard c1987 a189 p. c21 cm aLes temps modernes v1495 aetc. cBK c27833d27833 00102ddc406908_31200000000000071aPAULUSbPAULUSd2012-04-11l0o908.312r2012-04-11 00:00:00w2012-04-11yBKzInserito da: Jole In data: 30 luglio 2011 fondo: Via A.Severo 56 Progr:30516